[Event "EU-ch 4th"]
[Site "Istanbul"]
[Date "2003.06.13"]
[Round "13"]
[White "Bocharov, Dmitry"]
[Black "Erdogdu, Mert"]
[Result "1-0"]
[WhiteElo "2492"]
[BlackElo "2303"]
[Annotator "Huebner,R"]
[PlyCount "79"]
[EventDate "2003.05.30"]
[EventType "swiss"]
[EventRounds "13"]
[EventCountry "TUR"]
[SourceTitle "CBM 096"]
[Source "ChessBase"]
[SourceDate "2003.09.25"]
[SourceVersion "1"]
[SourceVersionDate "2003.09.25"]
[SourceQuality "1"]

1. d4 d5 2. c4 c6 3. Nf3 Nf6 4. Nc3 a6 5. c5 Nbd7 6. Bf4 Nh5 7. Bg5 h6 8. Bd2
Qc7 9. e4 dxe4 10. Nxe4 Ndf6 11. Nxf6+ {Bisher versuchten die Führer der
weißen Steine ohne Erfolg, die Randstellung des Springers auf h5 auszunutzen:}
(11. Nc3 Be6 12. Ne5 Rd8 13. Be3 g6 14. Qf3 Nd5 (14... Ng7 15. Bc4 Bxc4 16.
Nxc4 Ne6 17. O-O Bg7 18. Rfd1 $11 {0-1 Sasikiran,K-Kasparov,G/Bled 2002/EXT
2003 (38). (38)}) 15. Bc4 Nhf6 16. O-O Bg7 17. Rac1 O-O 18. Qe2 $11 {1/2-1/2
Gelfand,B-Magem Badals,J/Pamplona 2000/CBM 75 (42). (42)}) 11... Nxf6 12. Bc4
Bf5 13. O-O Rd8 {Dies scheint mir unnötig zu sein:} (13... e6 $11) 14. Qa4 Qb8
15. Rfe1 e6 16. Ba5 Rc8 17. Ne5 Be7 18. Qb3 O-O 19. Qf3 Bd8 $11 20. Bd2 Bc7 21.
Bf4 Rcd8 22. Rad1 Ng4 {Schwarz möchte sich entlasten.} (22... Nd5 $11 {genügt
zum Ausgleich.}) 23. Qg3 g5 ({Nach} 23... Nxe5 24. Bxe5 Bxe5 25. dxe5 {gelangt
ein weißer Turm nach d6, und dies ist höchst unangenehm für Schwarz.}) 24. Nxg4
({Die Fortsetzung} 24. Qf3 Nxe5 25. Bxe5 Bxe5 26. dxe5 Rxd1 27. Qxd1 Rd8 28.
Qf3 Rd4 {braucht Schwarz natürlich keinesfalls zu fürchten.}) 24... Bxf4 25.
Qf3 Kg7 (25... Bxg4 {genügt nicht zum Ausgleich:} 26. Qxg4 Bxh2+ (26... Kg7 27.
g3 Bc7 28. f4 {ist auch höchst unangenehm für Schwarz.}) 27. Kh1 Bc7 (27... Bf4
28. g3) 28. Rxe6 fxe6 29. Qxe6+ Kg7 30. Qe7+ Kh8 31. Bd3 $18) 26. g3 Bc7 27.
Ne3 Bg6 28. Bd3 (28. b4 Rd7 29. Ng4 Bf5 {bringt den Weißen nicht recht weiter.}
) 28... Rxd4 29. Bxg6 Rxd1 30. Rxd1 Kxg6 31. Rd7 h5 $2 (31... f5 {ist richtig:}
32. Re7 Kf6 33. Rh7 Kg6 34. Re7 Kf6 $11 (34... Re8 $2 35. Rxe6+ $18)) 32. h4 g4
33. Qe4+ Kh6 34. Qd4 {Es gibt zwei andere Gewinnwege:} (34. Ng2 Be5 35. Qe3+
Kh7 36. Qg5 Bxb2 37. Qxh5+ Kg8 38. Qxg4+) (34. Nc4 Bxg3 35. Nd6 Bxd6 36. cxd6)
34... Be5 35. Qd2 Kg6 (35... Kg7 36. Nc4 Bf6 37. Nd6 {ist auf die Dauer
ebenfalls hoffnungslos für Schwarz.}) 36. Nc4 Bf6 37. Nd6 b5 38. Qd3+ Kg7 39.
Qe4 Qa8 $2 (39... Kg8 {ist zäher, kann die Partie aber natürlich nicht retten.}
) 40. Qxe6 1-0

[Event "Bundesliga 0304"]
[Site "Germany"]
[Date "2004.02.13"]
[Round "7.3"]
[White "Huebner, Robert"]
[Black "Papa, Severin"]
[Result "1-0"]
[WhiteElo "2604"]
[BlackElo "2401"]
[Annotator "Huebner,R"]
[PlyCount "59"]
[EventDate "2003.11.01"]
[EventType "team-tourn"]
[EventRounds "15"]
[EventCountry "GER"]
[SourceTitle "CBM 100"]
[Source "ChessBase"]
[SourceDate "2004.06.01"]
[SourceVersion "1"]
[SourceVersionDate "2004.06.01"]
[SourceQuality "1"]
[WhiteTeam "Baden Oos"]
[BlackTeam "Stuttgart"]
[WhiteTeamCountry "GER"]
[BlackTeamCountry "GER"]

1. d4 d5 2. c4 c6 3. Nc3 Nf6 4. Nf3 a6 5. c5 Nbd7 6. Bf4 Nh5 7. e3 g6 8. h4 Bg7
9. Bh2 O-O 10. Be2 Re8 11. g4 Nhf6 12. Rg1 b6 13. cxb6 Qxb6 14. Qc2 Bb7 15. Kf1
$6 {Dies ist nicht nur sinnlos, sondern auch schädlich: Weiß benimmt sich die
Möglichkeit zur langen Rochade. In der nächsten Partie versuchte er hier} (15.
Nd2 {ohne jedoch Ausgleich erzielen zu können.}) (15. Ne5 {dürfte jedoch für
diesen Zweck genügen.}) 15... Ne4 16. Nxe4 dxe4 17. Nd2 $2 (17. Ne5 Nxe5 18.
Bxe5 Bxe5 19. dxe5 c5 20. Bc4 $11 {ist unbedingt erforderlich}) 17... c5 18.
Nc4 $2 (18. dxc5 Nxc5 19. Nc4 {bietet viel bessere Überlebensaussichten:} Qe6
20. Na5 Rac8 21. Nxb7 Nxb7 22. Qb3 {usw.}) 18... Qe6 19. Rd1 ({Jetzt ist die
Stellung des Weißen nach} 19. dxc5 Rac8 {total verloren;}) (19. Na5 cxd4 20.
Nxb7 d3 {kann er auch nicht lange aushalten. Der Textzug beinhaltet eine Falle.
}) 19... Rac8 20. Qd2 cxd4 21. exd4 Nf6 $1 {Danach behält Schwarz Vorteil. Nach
} (21... Rxc4 22. d5 Bxd5 23. Qxd5 Qxd5 24. Rxd5 Rc1+ (24... Rd4 25. Rxd4 Bxd4
26. Kg2 {braucht Weiß auch nicht sonderlich zu fürchten.}) 25. Kg2 Rxg1+ 26.
Bxg1 Nb6 27. Rd2 {hat höchtens Schwarz Sorgen, Weiß jedenfalls nicht.}) 22. b3
Nd5 23. Be5 Red8 24. Bxg7 Kxg7 25. Rg3 Qf6 26. g5 Qf4 27. Bg4 $6 (27. Qxf4 Nxf4
28. Ne3 {bietet bessere Rettungsaussichten.}) 27... Rc7 28. Kg1 e3 $2 ({Nach} 
28... f5 29. gxf6+ exf6 30. Ne3 Kf8 {hat Schwarz großen positionellen Vorteil.}
(30... Kf7 {kann mit} 31. Be6+ {beantwortet werden.})) 29. Nxe3 Nc3 $2 (29...
Rc3 30. Qe1 {ergibt eine ungefähr ausgeglichene Stellung.}) 30. Nf5+ 1-0

[Event "Olympiad-36"]
[Site "Mallorca"]
[Date "2004.10.17"]
[Round "3"]
[White "Speelman, Jonathan S"]
[Black "Schandorff, Lars"]
[Result "1-0"]
[WhiteElo "2555"]
[BlackElo "2510"]
[Annotator "Huzman,A"]
[PlyCount "71"]
[EventDate "2004.10.15"]
[EventType "team-swiss"]
[EventRounds "14"]
[EventCountry "ESP"]
[SourceTitle "CBM 104"]
[Source "ChessBase"]
[SourceDate "2005.01.27"]
[SourceVersion "1"]
[SourceVersionDate "2005.01.27"]
[SourceQuality "1"]
[WhiteTeam "England"]
[BlackTeam "Denmark"]
[WhiteTeamCountry "ENG"]
[BlackTeamCountry "DEN"]

1. d4 d5 2. Nf3 Nf6 3. c4 c6 4. Nc3 a6 5. h3 dxc4 6. a4 e6 7. e3 c5 8. Bxc4 Nc6
9. O-O Be7 10. Qe2 cxd4 11. Rd1 e5 {In this line the extra move h3 became very
useful for White because it prevents the important move Bg4.} (11... O-O $142
12. exd4 (12. Nxd4 Nxd4 (12... Qc7 13. Nxc6 Qxc6 14. e4 $36) 13. exd4 $36 {
[%cal Gd4d5]}) 12... Nd5 $14) 12. exd4 exd4 13. Be3 O-O (13... Qa5 14. Nxd4 Ne5
15. Ba2 O-O 16. Bd2 $1 $16) (13... Qc7 14. Nxd4 Ne5 15. Bb3 $16 {[%cal Ge3f4,
Gf4c7]}) 14. Nxd4 Qc7 (14... Nxd4 15. Bxd4 Qc7 16. Rac1 $16 {[%cal Gc1c7]}) 15.
Nxc6 bxc6 (15... Qxc6 $142 16. Nd5 Nxd5 17. Bxd5 Qf6 18. Bd4 Qg5 19. Qf3 $16)
16. a5 $1 $16 {[%csl Ra6,Rc6][%cal Ge3b6] Weak pawns a6 and c6 determine a
clear advantage of White.} c5 17. Na4 $1 Bb7 18. Nb6 Qc6 (18... Ra7 19. Rac1
$16) 19. Qf1 Rad8 (19... Ra7 20. b4 $1 $16) 20. Rdc1 Kh8 21. b4 $1 $18 {
[%mdl 36]} (21. Bxa6 Bxa6 22. Qxa6 Nd5 $132) 21... cxb4 22. Bxa6 Bxa6 (22...
Qe4 23. Bxb7 Qxb7 24. a6 $18) 23. Rxc6 Bxf1 24. Kxf1 Nd5 (24... Ne4 25. a6 b3
26. a7 Bf6 27. Rb1 Nc3 28. Rxc3 Bxc3 29. Rxb3 Ba5 30. Nd7 $1 Rxd7 31. Rb8 $18)
25. Nxd5 $1 {The passed pawn a5 will decide the game now.} (25. Bc5 $5 Bxc5 26.
Rxc5 Nxb6 27. axb6 Rb8 28. Rb5 $18) 25... Rxd5 26. a6 Bf6 27. Ra4 $1 Bc3 (27...
b3 28. Rb6 b2 29. a7 Rdd8 30. Rab4 Be5 31. f4 Bc3 32. Rb3 Ba5 33. R6b5 $18) 28.
a7 Rdd8 29. g3 h6 (29... Rfe8 30. Rb6 $18 {[%cal Ge3f4,Gb6b8,Gf4b8]}) 30. Bc5
Rfe8 (30... Rd1+ 31. Kg2 Ra8 32. Rb6 Rdd8 33. Bxb4 $18) 31. Bxb4 Bxb4 (31...
Be5 32. f4 Bf6 33. Bd6 $18) (31... Bf6 32. Bd6 $18 {[%cal Gd6b8]}) 32. Rxb4 Kh7
(32... Ra8 $142 33. Rb7 Rf8) 33. Rc7 Rf8 34. Rbb7 $2 (34. Rcb7 Rd1+ 35. Ke2 Ra1
36. Rb8 $18) 34... Kg6 $2 (34... Kg8) 35. Rc6+ Kh7 (35... Kf5 36. Rcb6 Rd1+ 37.
Ke2 Ra1 38. Rb8 $18) 36. Rcb6 {[%cal Gb7b8]} 1-0

[Event "ESP-ch"]
[Site "Palencia"]
[Date "1999.08.21"]
[Round "3"]
[White "Illescas Cordoba, Miguel"]
[Black "Del Rio de Angelis, Salvador Gabriel"]
[Result "1-0"]
[WhiteElo "2600"]
[BlackElo "2471"]
[Annotator "Illescas Cordoba,M"]
[PlyCount "39"]
[EventDate "1999.08.19"]
[EventType "swiss"]
[EventRounds "9"]
[EventCountry "ESP"]
[SourceTitle "EXT 2000"]
[Source "ChessBase"]
[SourceDate "1999.11.16"]
[SourceVersion "1"]
[SourceVersionDate "1999.11.16"]
[SourceQuality "1"]

1. Nf3 d5 2. d4 Nf6 3. c4 c6 4. Nc3 dxc4 5. e4 Bg4 $6 {[%mdl 16384] Aunque se
trata de una jugada de desarrollo este movimiento no resulta apropiado ya que
deja el control del centro en manos de las blancas. Se imponía la teórica 5...
b5.} 6. Bxc4 e6 7. Be3 $14 {[%csl Gd4,Ge4] [+]} Nbd7 8. h3 Bh5 9. a3 {Una
jugada sutil cuya intención evidente es impedir Bb4 pero que pretende en
realidad provocar una lucha aguda, como luego veremos.} Be7 10. Qe2 {Ahora las
negras no tienen jugada útil, salvo enrocar. Las jugadas blancas van dirigidas
a especular con un eventual g2-g4 pero no deseo hacerlo hasta que mi rival
enroque en corto, de ahí la "pérdida de tiempo" con 9.a3.} O-O 11. Rd1 {
Una nueva jugada preparatoria; las negras deben mover su dama para preparar la
reacción en el centro con c5 o e5.} Qc7 12. g4 Bg6 13. Bg5 {Con idea de clavar
al Nf6 y efectuar libremente el agresivo avance h2-h4. Por otra parte se da
cobertura al peón e4.} Rfe8 $6 {Esta jugada natural sitúa a la pareja real
blanca bajo el influjo de la torre negra al tiempo que protege el Be7 pero sin
embargo no resulta adecuada.} ({Era preciso intercalar el movimiento} 13... h6
$1 {con idea de estorbar los planes del blanco. Tras} 14. Bh4 {ahora sí deben
continuar las negras con} Rfe8 {para seguir con} 15. Bg3 Qa5 {tras lo cual lo
mejor que pueden hacer las blancas es} 16. O-O {renunciando temporalmente al
ataque, aunque manteniendo una ligera ventaja.}) 14. h4 $1 $36 {El inicio del
asedio sobre el Bg6 que puede desembocar en un fuerte ataque sobre el enroque
enemigo.} Qa5 {Las blancas se han hecho con la iniciativa, tal como demuestran
las siguientes variantes:} (14... h5 15. Bxf6 $1 Bxf6 16. Ng5 $1 {con fuerte
ataque.}) (14... h6 15. Bxf6 gxf6 $5 {(Del Rio) Probablemente lo mejor.} ({Si} 
15... Nxf6 16. Ne5 Bh7 17. g5 {con una iniciativa irresistible en el flanco de
rey.}) ({Si} 15... Bxf6 16. g5 {con el mismo efecto.})) 15. Bd2 {Una retirada
necesaria pero muy efectiva: ahora las negras se enfrentan a la amenaza h5 por
lo que no pueden retirar su dama de la acción amenazadora del Bd2.} h5 ({
La entrega de pieza que comienza con} 15... Nxg4 {no parece ser suficiente:}
16. h5 Bf5 (16... Bxh5 $2 17. Nd5) 17. Nd5 Qd8 18. Nxe7+ Rxe7 {con ventaja
blanca.}) 16. g5 Ng4 {Este caballo puede tener problemas en el futuro. Ahora
tuve que calcular con precisión el desarrollo de las variantes que iban a
acontecer.} 17. Nd5 ({Medité largo rato la "extraña" y ambiciosa jugada} 17.
Ng1 $5 {con idea de f3 capturando la pieza pero la rechacé por consideraciones
puramente intuitivas. Lo cierto es que existe una alternativa bastante más
sana que jugué en la partida.}) 17... exd5 $2 {El error decisivo cuyo origen
tiene un importante componente psicológico, léase el disgusto de mi rival por
su planteamiento de la apertura que le había conducido a una posición difícil,
por lo que, en cierto modo, decide poner fin a la lucha. La jugada de la
partida sacrifica la dama por dos piezas pero ello resulta totalmente
insuficiente.} ({No eran tan fáciles las cosas en caso de mantener una defensa
tenaz con} 17... Qd8 {ya que las blancas tienen oportunidades para equivocarse
desde el principio y los análisis parecen demostrar que hay que optar por
conseguir la ventaja de la pareja de alfiles con} 18. Nxe7+ $1 ({La atractiva} 
18. Nf4 {parece dar más oportunidades defensivas a las negras:} Nf8 19. Bc3 (
19. Ne5 Qxd4 20. Nexg6 Nxg6 21. Nxg6 Bc5 $1 {con contrajuego.}) 19... Qc7 20.
Ne5 Nxe5 21. dxe5 b5 $1 {Una reacción muy oportuna que permite a las negras
coger la iniciativa.} 22. Bb3 a5 $1 23. Nxh5 b4 24. axb4 axb4 {e incluso me
gusta más la posición del negro.}) 18... Qxe7 {Ahora se impone un juego
contundente antes de que las negras rompan en el centro:} 19. Ng1 $1 {Tratando
de explotar la posición del Ng4; se amenaza f3.} ({No basta} 19. Bb4 c5 20.
dxc5 Nxc5 {con juego incierto.}) 19... e5 {Nuevamente se requiere por parte
del blanco gran exactitud ya que las negras amenazan con lograr gran actividad
en la columna e.} 20. d5 $1 {Tras el cierre de la columna las blancas gozan de
las mejores posibilidades: el Ng4 está perdido y solo queda un cierto
contrajuego que debe diluirse en algunas jugadas:} Nb6 21. Ba2 cxd5 22. f3 Qc5
23. Bb1 {con ventaja blanca.}) 18. Bxa5 {la ventaja material es decisiva.} Bd6
({Si} 18... Bxe4 {sencillamente} 19. O-O) 19. e5 dxc4 20. O-O 1-0

[Event "Olympiad-42"]
[Site "Baku"]
[Date "2016.09.04"]
[Round "3.1"]
[White "Giri, Anish"]
[Black "Le, Quang Liem"]
[Result "1-0"]
[WhiteElo "2755"]
[BlackElo "2723"]
[Annotator "Iotov,V"]
[PlyCount "119"]
[EventDate "2016.09.02"]
[EventType "team-swiss"]
[EventRounds "11"]
[EventCountry "AZE"]
[SourceTitle "CBM 175"]
[Source "ChessBase"]
[SourceDate "2016.11.10"]
[SourceVersion "1"]
[SourceVersionDate "2016.11.10"]
[SourceQuality "1"]
[WhiteTeam "Netherlands"]
[BlackTeam "Vietnam"]
[WhiteTeamCountry "NED"]
[BlackTeamCountry "VIE"]

1. Nf3 d5 2. d4 Nf6 3. c4 c6 4. Nc3 a6 5. g3 Bf5 ({The better alternative!?} 
5... dxc4 6. Bg2 b5 7. Ne5 Bb7 8. O-O e6 $15) 6. Bg2 e6 7. O-O Nbd7 $6 (7... h6
8. Nd2 Be7 9. e4 dxe4 10. Ndxe4 Nxe4 11. Nxe4 Bxe4 {Unfortunately, a necessary
decision which leaves Black without the bishop pair and almost no counterplay.}
(11... O-O 12. Bf4 Nd7 13. Nd6 Bxd6 14. Bxd6 Re8 15. Qb3 {[%csl Gd6]} Qb6 16.
Qc3 Rad8 17. Rad1 Nf6 18. Be5 $16) 12. Bxe4 Nd7 13. Bg2 Nf6 14. Qb3 Qd7 15. Bf4
O-O 16. Rfd1 $14 {[%csl Yc4,Yd4,Gf4,Gg2] 1-0 Zhou Jianchao (2609)-Kazhgaleyev,
M (2595)/Zaozhuang CHN 2012} (16. Rac1 $5)) 8. Nh4 $1 {White's main idea in
this position - take the bishop pair while preparing for the central e4-push!}
Bg6 (8... Bg4 $6 9. h3 Bh5 10. g4 Ne4 11. cxd5 Nxc3 12. bxc3 cxd5 13. gxh5 Qxh4
14. Rb1 b5 15. a4 $16) 9. cxd5 exd5 10. Nxg6 (10. f3 $1 Be7 11. e4 dxe4 12.
Nxg6 hxg6 13. fxe4 Qb6 $1 {[%csl Gb6,Ye5,Rg1][%cal Gb6g1,Ge4e5]} 14. Bf4 O-O
15. Qd2 Rad8 16. Rad1 $16 {[%csl Yd4,Ye4,Gf4,Gg2]}) 10... hxg6 11. e4 $5 dxe4 (
11... Nxe4 12. Re1 $1 Be7 13. Nxe4 dxe4 14. Bxe4 Nf6 15. Qb3 Nxe4 16. Rxe4 O-O
17. Qxb7 Bf6 18. Qxc6 Bxd4 19. Re2 $16) 12. d5 $1 {Opens up the centre while
the black king is still a long way from castling. That, in combination with
the bishop pair could lead to some very serious practical problems!} (12. Bf4
Be7 13. d5 cxd5 14. Nxd5 Nxd5 15. Qxd5 Nc5 16. Bxe4 Rh5 17. Qxd8+ Rxd8 18. Bf3
Rf5 $132) 12... cxd5 13. Nxd5 Rh5 $6 (13... Nc5 $1 14. Nxf6+ Qxf6 15. Qc2 Bd6
16. Bxe4 O-O 17. Bd5 Rac8 $132) 14. Nc3 Nc5 (14... Re5 15. Bf4 Re6 16. Bh3 Rc6
17. Qe2 Nc5 18. Rad1 Qa5 19. Bg2 $16 {[%csl Re4]}) 15. b4 Ne6 (15... Qxd1 16.
Rxd1 Nd3 17. Nxe4 Nxc1 18. Raxc1 Bxb4 19. Nxf6+ gxf6 20. Bxb7 Rd8 21. Bxa6
Rxd1+ 22. Rxd1 Re5 23. Kg2 $16 {[%csl Ga2,Gh2] Most likely, a winning endgame
due the possibility of a second passed pawn on the kingside.}) 16. Nxe4 Be7 (
16... Qxd1 17. Rxd1 Bxb4 18. Nxf6+ gxf6 19. Bxb7 Rb8 20. Bc6+ Kf8 21. Rb1 $16)
17. Rb1 (17. Qe2 $142 Kf8 (17... Nd4 18. Nxf6+ gxf6 19. Qe4 $18) 18. Be3 Bxb4
19. Nxf6 Qxf6 20. Bxb7 Rb8 21. Bxa6 Bc5 22. Rab1 $16) 17... Nxe4 18. Bxe4 Qxd1
19. Rxd1 Rb5 20. a3 $6 (20. Be3 $1 $16 {[%csl Rb7][%cal Ge4b7]}) 20... a5 $1
$132 21. Rd5 Rxd5 22. Bxd5 O-O-O 23. Bxe6+ fxe6 $11 {White has indeed the
better pawn structure, but not enough material to make it count.} 24. Bf4 axb4
25. Rc1+ Kd7 26. axb4 (26. Rc7+ Ke8 27. axb4 Rd7 $11) 26... Ke8 27. b5 Bd6 (
27... Rd5 $142 28. Rc8+ (28. b6 Bc5 $11) 28... Bd8 29. Rb8 Rxb5 30. Bc7 Rd5 $11
) 28. Be3 Be5 $6 (28... Ra8 $1 {[%cal Ga8a1]} 29. Kg2 Ke7 30. Rd1 e5 31. Kf3
Ke6 $132) 29. Rc4 Kf7 $6 {No longer protecting the d7-square which makes it a
lot more difficult for Black to transfer the bishop to d8.} (29... Rd5 $142 30.
b6 Bf6 $1 31. Kg2 Bd8 32. h4 {[%csl Rg6]} Rd6 33. Rb4 Kd7 34. Kf3 Rc6 35. Ke4
Ke8 $132 {Even though White is undeniably better, it is unclear of how he must
proceed in relation to his b6-weakness.}) 30. Kg2 Rd5 31. b6 Ke7 (31... Ke8 $1
{[%csl Rb6][%cal Ge5f6,Gf6d8,Gd8b6]} 32. h4 Bf6 33. Ra4 Bd8 34. Ra7 Rd7 35. Ra8
Kf7 36. Kf3 Rd6 37. Rb8 Rd7 38. Ke4 Bf6 39. Rc8 Bd8 $132) 32. h4 Bd6 33. Rg4
Kf7 34. Ra4 Be5 35. Kf3 Ke7 36. Ra7 Rd7 37. Ke4 Kd6 {[%cal Ge5f6,Gf6d8]
Ultimately, on d6 the king is dangerously misplaced, which could easily lead
to some unexpected motifs!} (37... Bf6 $142) 38. Ra8 (38. g4 Bf6 39. Ra3 $141
$5 Ke7 (39... Bd8 $2 40. Rd3+ Ke7 41. Bg5+ Ke8 42. Rxd7 Kxd7 43. Bxd8 Kxd8 44.
Ke5 Ke7 45. f3 Kd7 46. Kf4 Kc6 47. Kg5 Kxb6 48. Kxg6 Kc7 49. Kxg7 b5 50. h5 b4
51. h6 b3 52. h7 b2 53. h8=Q b1=Q 54. Qf8 $18) 40. g5 Bb2 41. Rb3 Ba1 42. Bc5+
Kd8 43. Ra3 Rd1 44. Ra7 Kc8 45. Be3 Bb2 $132) 38... Bf6 39. g4 Rd8 40. Ra7 Kc6
41. Ra2 Rh8 $4 {[%csl Rh8] Neglecting everything that's important in the
position just to threaten a pawn that's not even all that important.} (41...
Kd7 42. Rd2+ Ke8 43. Rc2 Rd7 44. Rc8+ Kf7 45. Rc7 Ke8 46. g5 Bb2 $132) 42. Rc2+
Kb5 43. g5 Rxh4+ 44. f4 Bd8 45. Rc5+ Kb4 46. Re5 $18 {[%csl Rg6,Rg7][%cal
Ge5e6,Ge6g6,Gg6g7] Giri has finally managed to get close to Black's weaknesses.
.. Game over!} Kc4 47. Kf3 Be7 48. Rxe6 Ba3 49. Rxg6 Kd5 50. Bf2 Rh7 51. f5 Bd6
52. Kg4 Be5 53. Bg3 Bd4 54. Rd6+ Ke4 55. Rd7 Bxb6 56. g6 Rh1 57. Rxg7 Rg1 58.
Re7+ Kd3 59. Rxb7 Bf2 60. Rb3+ 1-0